[Event "T-Director's Swiss sytem"]
[Site "playchess.com #662980"]
[Date "2014.03.16"]
[Round "9"]
[White "Kpakpa"]
[Black "hermann53"]
[Result "1-0"]
[WhiteElo "1191"]
[BlackElo "862"]
[PlyCount "63"]
[EventDate "2014.03.16"]
[EventType "swiss (blitz)"]

1. e4 {[%emt 0:00:04]} e5 {[%emt 0:00:02]} 2. Nf3 {[%emt 0:00:02]} Bc5 {[%emt
0:00:04]} 3. d4 {[%emt 0:00:48]} Bb4+ {[%emt 0:00:16]} 4. c3 {[%emt 0:00:09]}
Ba5 {[%emt 0:00:03]} 5. Nxe5 {[%emt 0:00:02]} Qe7 {[%emt 0:00:19]} 6. Bc4 {
[%emt 0:00:16]} Qh4 {[%emt 0:00:19]} 7. Nxf7 {[%emt 0:00:07]} Qxe4+ {[%emt 0:
00:11]} 8. Qe2 {[%emt 0:00:20]} Bxc3+ {[%emt 0:00:11]} 9. bxc3 {[%emt 0:00:03]}
Qxe2+ {[%emt 0:00:02]} 10. Kxe2 {[%emt 0:00:02]} Nc6 {[%emt 0:00:02]} 11. Nxh8
{[%emt 0:00:03]} Nf6 {[%emt 0:00:02]} 12. Re1 {[%emt 0:00:03]} d6 {[%emt 0:00:
01]} 13. Kf1+ {[%emt 0:00:07]} Ne4 {[%emt 0:00:07]} 14. Rxe4+ {[%emt 0:00:08]}
Kd7 {[%emt 0:00:08]} 15. Be6+ {[%emt 0:00:21]} Kd8 {[%emt 0:00:12]} 16. Nf7+ {
[%emt 0:00:04]} Ke7 {[%emt 0:00:02]} 17. Bb3+ {[%emt 0:00:04]} Kf6 {[%emt 0:00:
11]} 18. Bg5+ {[%emt 0:00:12]} Kf5 {[%emt 0:00:05]} 19. Rf4+ {[%emt 0:00:06]}
Kg6 {[%emt 0:00:08]} 20. Nd2 {[%emt 0:00:06]} Na5 {[%emt 0:00:22]} 21. Bh4 {
[%emt 0:00:08]} Nxb3 {[%emt 0:00:11]} 22. axb3 {[%emt 0:00:02]} b6 {[%emt 0:00:
01]} 23. Nf3 {[%emt 0:00:05]} Ba6+ {[%emt 0:00:01]} 24. c4 {[%emt 0:00:03]} Bb7
{[%emt 0:00:11]} 25. d5 {[%emt 0:00:03]} c6 {[%emt 0:00:03]} 26. N7g5 {[%emt 0:
00:18]} a5 {[%emt 0:00:05]} 27. Ne6 {[%emt 0:00:09]} Re8 {[%emt 0:00:04]} 28.
Rg4+ {[%emt 0:00:24]} Kf5 {[%emt 0:00:05]} 29. Rg5+ {[%emt 0:00:08]} Kf6 {
[%emt 0:00:03]} 30. Rxg7+ {[%emt 0:00:04]} Kf5 {[%emt 0:00:18]} 31. Re1 {[%emt
0:00:13]} Ra8 {[%emt 0:00:08]} 32. Nfd4# {[%emt 0:00:11]} 1-0

[Event "T-Director's Swiss sytem"]
[Site "playchess.com #662980"]
[Date "2014.03.16"]
[Round "3"]
[White "Kuerpov"]
[Black "Grunfelder"]
[Result "1-0"]
[WhiteElo "1716"]
[BlackElo "1291"]
[PlyCount "95"]
[EventDate "2014.03.16"]
[EventType "swiss (blitz)"]

1. d4 {[%emt 0:00:03]} Nf6 {[%emt 0:00:02]} 2. c4 {[%emt 0:00:03]} g6 {[%emt 0:
00:03]} 3. Nc3 {[%emt 0:00:03]} d5 {[%emt 0:00:02]} 4. cxd5 {[%emt 0:00:03]}
Nxd5 {[%emt 0:00:02]} 5. e4 {[%emt 0:00:02]} Nxc3 {[%emt 0:00:01]} 6. bxc3 {
[%emt 0:00:02]} Bg7 {[%emt 0:00:01]} 7. Nf3 {[%emt 0:00:02]} c5 {[%emt 0:00:05]
} 8. Bb5+ {[%emt 0:00:03]} Bd7 {[%emt 0:00:02]} 9. Be2 {[%emt 0:00:02]} Nc6 {
[%emt 0:00:04]} 10. O-O {[%emt 0:00:02]} cxd4 {[%emt 0:00:01]} 11. cxd4 {[%emt
0:00:01]} a6 {[%emt 0:00:13]} 12. Be3 {[%emt 0:00:02]} O-O {[%emt 0:00:02]} 13.
Qb3 {[%emt 0:00:03]} b5 {[%emt 0:00:06]} 14. Rac1 {[%emt 0:00:02]} Rc8 {[%emt
0:00:05]} 15. d5 {[%emt 0:00:14]} Na5 {[%emt 0:00:02]} 16. Qb4 {[%emt 0:00:15]}
Nb7 {[%emt 0:00:31]} 17. Rfd1 {[%emt 0:00:15]} Nd6 {[%emt 0:00:03]} 18. Bd3 {
[%emt 0:00:20]} a5 {[%emt 0:01:10]} 19. Qb3 {[%emt 0:00:15]} b4 {[%emt 0:00:30]
} 20. Nd4 {[%emt 0:00:12]} Rc3 {[%emt 0:00:51]} 21. Rxc3 {[%emt 0:00:10]} bxc3
{[%emt 0:00:01]} 22. Qxc3 {[%emt 0:00:05]} Nb5 {[%emt 0:00:05]} 23. Qc5 {[%emt
0:00:12]} Nxd4 {[%emt 0:00:10]} 24. Bxd4 {[%emt 0:00:02]} Bg4 {[%emt 0:00:02]}
25. f3 {[%emt 0:00:04]} Bd7 {[%emt 0:00:02]} 26. Bxg7 {[%emt 0:00:16]} Kxg7 {
[%emt 0:00:01]} 27. Rc1 {[%emt 0:00:09]} Re8 {[%emt 0:00:02]} 28. Qc7 {[%emt 0:
00:09]} e6 {[%emt 0:00:09]} 29. Qxd8 {[%emt 0:00:52]} Rxd8 {[%emt 0:00:03]} 30.
Rc7 {[%emt 0:00:02]} Kf8 {[%emt 0:00:02]} 31. Bc4 {[%emt 0:00:03]} Ke7 {[%emt
0:00:03]} 32. Ra7 {[%emt 0:00:04]} Rc8 {[%emt 0:00:05]} 33. Bb5 {[%emt 0:00:03]
} Rd8 {[%emt 0:00:17]} 34. dxe6 {[%emt 0:00:22]} Kxe6 {[%emt 0:00:02]} 35.
Bxd7+ {[%emt 0:00:03]} Rxd7 {[%emt 0:00:02]} 36. Rxa5 {[%emt 0:00:01]} Kf6 {
[%emt 0:00:14]} 37. Kf2 {[%emt 0:00:08]} Kg7 {[%emt 0:00:02]} 38. h4 {[%emt 0:
00:04]} Rd2+ {[%emt 0:00:01]} 39. Kg3 {[%emt 0:00:03]} Rb2 {[%emt 0:00:02]} 40.
Ra7 {[%emt 0:00:07]} h5 {[%emt 0:00:02]} 41. a4 {[%emt 0:00:03]} Ra2 {[%emt 0:
00:01]} 42. e5 {[%emt 0:00:04]} Re2 {[%emt 0:00:11]} 43. f4 {[%emt 0:00:02]}
Kf8 {[%emt 0:00:04]} 44. Kf3 {[%emt 0:00:02]} Rd2 {[%emt 0:00:01]} 45. a5 {
[%emt 0:00:04]} Rd8 {[%emt 0:00:03]} 46. a6 {[%emt 0:00:04]} Ke8 {[%emt 0:00:
02]} 47. Rb7 {[%emt 0:00:03]} Ra8 {[%emt 0:00:01]} 48. a7 {[%emt 0:00:02]
Grunfelder abandonne} 1-0

[Event "T-Director's Swiss sytem"]
[Site "playchess.com #662980"]
[Date "2014.03.16"]
[Round "6"]
[White "LarsvanSchooten"]
[Black "Kingston Town"]
[Result "0-1"]
[WhiteElo "1688"]
[BlackElo "2050"]
[PlyCount "100"]
[EventDate "2014.03.16"]
[EventType "swiss (blitz)"]

1. c4 {[%emt 0:00:02]} c5 {[%emt 0:00:02]} 2. g3 {[%emt 0:00:01]} g6 {[%emt 0:
00:01]} 3. Bg2 {[%emt 0:00:01]} Bg7 {[%emt 0:00:00]} 4. Nf3 {[%emt 0:00:00]}
Nc6 {[%emt 0:00:00]} 5. d3 {[%emt 0:00:01]} e6 {[%emt 0:00:01]} 6. O-O {[%emt
0:00:01]} Nge7 {[%emt 0:00:00]} 7. Nc3 {[%emt 0:00:01]} O-O {[%emt 0:00:00]} 8.
Bf4 {[%emt 0:00:01]} e5 {[%emt 0:00:03]} 9. Bg5 {[%emt 0:00:03]} h6 {[%emt 0:
00:01]} 10. Bxe7 {[%emt 0:00:03]} Nxe7 {[%emt 0:00:02]} 11. Qd2 {[%emt 0:00:03]
} d6 {[%emt 0:00:01]} 12. Rac1 {[%emt 0:00:05]} Be6 {[%emt 0:00:10]} 13. a3 {
[%emt 0:00:01]} a5 {[%emt 0:00:03]} 14. Rb1 {[%emt 0:00:03]} Nc6 {[%emt 0:00:
04]} 15. Qc2 {[%emt 0:00:05]} f5 {[%emt 0:00:05]} 16. Nd2 {[%emt 0:00:01]} Nd4
{[%emt 0:00:02]} 17. Qd1 {[%emt 0:00:02]} Qd7 {[%emt 0:00:02]} 18. b4 {[%emt 0:
00:03]} axb4 {[%emt 0:00:03]} 19. axb4 {[%emt 0:00:00]} Ra3 {[%emt 0:00:03]}
20. Nd5 {[%emt 0:00:08]} Ra2 {[%emt 0:00:01]} 21. bxc5 {[%emt 0:00:07]} dxc5 {
[%emt 0:00:01]} 22. Nc3 {[%emt 0:00:08]} Ra3 {[%emt 0:00:06]} 23. Rxb7 {[%emt
0:00:03]} Qc8 {[%emt 0:00:05]} 24. Nb5 {[%emt 0:00:03]} Ra2 {[%emt 0:00:03]}
25. Nxd4 {[%emt 0:00:02]} exd4 {[%emt 0:00:07]} 26. Nf3 {[%emt 0:00:09]} Qxb7 {
[%emt 0:00:03]} 27. Nxd4 {[%emt 0:00:01]} Qb2 {[%emt 0:00:12]} 28. Nxe6 {[%emt
0:00:06]} Re8 {[%emt 0:00:01]} 29. Bd5 {[%emt 0:00:13]} Kh7 {[%emt 0:00:01]}
30. Nxc5 {[%emt 0:00:18]} Qxe2 {[%emt 0:00:04]} 31. Qxe2 {[%emt 0:00:01]} Rexe2
{[%emt 0:00:01]} 32. Ne6 {[%emt 0:00:04]} Rad2 {[%emt 0:00:28]} 33. c5 {[%emt
0:00:44]} Rc2 {[%emt 0:00:02]} 34. Bc4 {[%emt 0:00:03]} Rxc4 {[%emt 0:00:06]}
35. dxc4 {[%emt 0:00:12]} Rxe6 {[%emt 0:00:01]} 36. Rb1 {[%emt 0:00:02]} Rc6 {
[%emt 0:00:03]} 37. Rb5 {[%emt 0:00:03]} g5 {[%emt 0:00:03]} 38. Kf1 {[%emt 0:
00:01]} Bd4 {[%emt 0:00:02]} 39. Rb7+ {[%emt 0:00:05]} Kg6 {[%emt 0:00:01]} 40.
Rb6 {[%emt 0:00:01]} Rxb6 {[%emt 0:00:01]} 41. cxb6 {[%emt 0:00:00]} Bxb6 {
[%emt 0:00:01]} 42. Ke2 {[%emt 0:00:00]} Kf6 {[%emt 0:00:01]} 43. Kd3 {[%emt 0:
00:00]} Ke5 {[%emt 0:00:00]} 44. Kc3 {[%emt 0:00:01]} Ke4 {[%emt 0:00:02]} 45.
Kb4 {[%emt 0:00:00]} Kf3 {[%emt 0:00:01]} 46. Kb5 {[%emt 0:00:01]} Bxf2 {[%emt
0:00:01]} 47. Kc6 {[%emt 0:00:02]} Kg2 {[%emt 0:00:02]} 48. Kd5 {[%emt 0:00:00]
} Kxh2 {[%emt 0:00:01]} 49. Ke5 {[%emt 0:00:00]} Kxg3 {[%emt 0:00:02]} 50. Kxf5
{[%emt 0:00:01]} g4 {[%emt 0:00:00] LarsvanSchooten geeft op} 0-1

[Event "T-Director's Swiss sytem"]
[Site "playchess.com #662980"]
[Date "2014.03.16"]
[Round "4"]
[White "LarsvanSchooten"]
[Black "Nbm02"]
[Result "1-0"]
[WhiteElo "1639"]
[BlackElo "1669"]
[PlyCount "59"]
[EventDate "2014.03.16"]
[EventType "swiss (blitz)"]

1. c4 {[%emt 0:00:01]} g6 {[%emt 0:00:02]} 2. g3 {[%emt 0:00:01]} Nf6 {[%emt 0:
00:02]} 3. Bg2 {[%emt 0:00:00]} c6 {[%emt 0:00:01]} 4. Nf3 {[%emt 0:00:00]} d6
{[%emt 0:00:02]} 5. O-O {[%emt 0:00:01]} Bg7 {[%emt 0:00:01]} 6. d4 {[%emt 0:
00:00]} Nbd7 {[%emt 0:00:01]} 7. Nc3 {[%emt 0:00:00]} O-O {[%emt 0:00:02]} 8.
Bf4 {[%emt 0:00:00]} b6 {[%emt 0:00:04]} 9. Qd2 {[%emt 0:00:01]} Bb7 {[%emt 0:
00:07]} 10. Bh6 {[%emt 0:00:01]} Ne8 {[%emt 0:00:02]} 11. Bxg7 {[%emt 0:00:01]}
Nxg7 {[%emt 0:00:02]} 12. Qh6 {[%emt 0:00:06]} Nf5 {[%emt 0:00:06]} 13. Qg5 {
[%emt 0:00:02]} f6 {[%emt 0:00:06]} 14. Qd2 {[%emt 0:00:03]} Ng7 {[%emt 0:00:
02]} 15. e4 {[%emt 0:00:02]} Re8 {[%emt 0:00:04]} 16. Qh6 {[%emt 0:00:01]} Nf8
{[%emt 0:00:08]} 17. d5 {[%emt 0:00:03]} e6 {[%emt 0:00:16]} 18. Qd2 {[%emt 0:
00:04]} exd5 {[%emt 0:00:08]} 19. exd5 {[%emt 0:00:11]} Qd7 {[%emt 0:00:14]}
20. Rad1 {[%emt 0:00:04]} Rad8 {[%emt 0:00:17]} 21. Nd4 {[%emt 0:00:09]} cxd5 {
[%emt 0:00:04]} 22. Nxd5 {[%emt 0:00:05]} Bxd5 {[%emt 0:00:11]} 23. Bxd5+ {
[%emt 0:00:03]} Kh8 {[%emt 0:00:08]} 24. Bc6 {[%emt 0:00:12]} Qh3 {[%emt 0:00:
18]} 25. Bxe8 {[%emt 0:00:04]} Nxe8 {[%emt 0:00:08]} 26. Rde1 {[%emt 0:00:12]}
Ng7 {[%emt 0:00:20]} 27. Nc6 {[%emt 0:00:19]} Rd7 {[%emt 0:00:36]} 28. Re7 {
[%emt 0:00:05]} Nh5 {[%emt 0:00:26]} 29. Rxd7 {[%emt 0:00:10]} Nxd7 {[%emt 0:
00:11]} 30. Qxd6 {[%emt 0:00:08] Arbiter Decision (Claim), 2} 1-0

[Event "T-Director's Swiss sytem"]
[Site "playchess.com #662980"]
[Date "2014.03.16"]
[Round "8"]
[White "LarsvanSchooten"]
[Black "Ultimatewinner_a"]
[Result "0-1"]
[WhiteElo "1686"]
[BlackElo "1962"]
[PlyCount "86"]
[EventDate "2014.03.16"]
[EventType "swiss (blitz)"]

1. c4 {[%emt 0:00:02]} g6 {[%emt 0:00:02]} 2. g3 {[%emt 0:00:01]} Bg7 {[%emt 0:
00:00]} 3. Bg2 {[%emt 0:00:00]} c6 {[%emt 0:00:00]} 4. Nf3 {[%emt 0:00:00]} Nf6
{[%emt 0:00:01]} 5. O-O {[%emt 0:00:01]} O-O {[%emt 0:00:01]} 6. d3 {[%emt 0:
00:00]} d5 {[%emt 0:00:01]} 7. cxd5 {[%emt 0:00:02]} cxd5 {[%emt 0:00:01]} 8.
Nc3 {[%emt 0:00:00]} Nc6 {[%emt 0:00:02]} 9. Bf4 {[%emt 0:00:01]} Bg4 {[%emt 0:
00:02]} 10. Ne5 {[%emt 0:00:01]} Be6 {[%emt 0:00:16]} 11. Qa4 {[%emt 0:00:14]}
Nxe5 {[%emt 0:00:10]} 12. Bxe5 {[%emt 0:00:04]} Bd7 {[%emt 0:00:17]} 13. Qb4 {
[%emt 0:00:07]} Bc6 {[%emt 0:00:06]} 14. Qc5 {[%emt 0:00:12]} Nd7 {[%emt 0:00:
11]} 15. Qe3 {[%emt 0:00:34]} Bxe5 {[%emt 0:00:13]} 16. d4 {[%emt 0:00:02]} Bg7
{[%emt 0:00:06]} 17. Nxd5 {[%emt 0:00:02]} e6 {[%emt 0:00:05]} 18. Nf4 {[%emt
0:00:13]} Bxg2 {[%emt 0:00:02]} 19. Kxg2 {[%emt 0:00:01]} Nb6 {[%emt 0:00:02]}
20. Rfd1 {[%emt 0:00:08]} Nd5 {[%emt 0:00:02]} 21. Nxd5 {[%emt 0:00:16]} Qxd5+
{[%emt 0:00:02]} 22. Kg1 {[%emt 0:00:01]} Rac8 {[%emt 0:00:03]} 23. Qd3 {[%emt
0:00:01]} Rfd8 {[%emt 0:00:06]} 24. e3 {[%emt 0:00:01]} e5 {[%emt 0:00:10]} 25.
Rac1 {[%emt 0:00:12]} Rxc1 {[%emt 0:00:03]} 26. Rxc1 {[%emt 0:00:01]} exd4 {
[%emt 0:00:01]} 27. e4 {[%emt 0:00:15]} Qd6 {[%emt 0:00:05]} 28. f3 {[%emt 0:
00:04]} h5 {[%emt 0:00:07]} 29. b3 {[%emt 0:00:02]} h4 {[%emt 0:00:01]} 30. Kg2
{[%emt 0:00:02]} Bh6 {[%emt 0:00:03]} 31. Rf1 {[%emt 0:00:05]} Be3 {[%emt 0:00:
02]} 32. f4 {[%emt 0:00:10]} Rc8 {[%emt 0:00:02]} 33. e5 {[%emt 0:00:04]} Qd5+
{[%emt 0:00:01]} 34. Rf3 {[%emt 0:00:05]} Rc3 {[%emt 0:00:02]} 35. Qe2 {[%emt
0:00:02]} Qe4 {[%emt 0:00:02]} 36. Kh3 {[%emt 0:00:01]} Rc2 {[%emt 0:00:04]}
37. Qf1 {[%emt 0:00:11]} hxg3 {[%emt 0:00:13]} 38. hxg3 {[%emt 0:00:04]} Rc1 {
[%emt 0:00:11]} 39. Qe2 {[%emt 0:00:02]} Rh1+ {[%emt 0:00:06]} 40. Kg2 {[%emt
0:00:03]} Rg1+ {[%emt 0:00:02]} 41. Kh3 {[%emt 0:00:04]} Qb1 {[%emt 0:00:03]}
42. Qb5 {[%emt 0:00:24]} Rh1+ {[%emt 0:00:07]} 43. Kg2 {[%emt 0:00:04]} Qg1# {
[%emt 0:00:03]} 0-1

[Event "T-Director's Swiss sytem"]
[Site "playchess.com #662980"]
[Date "2014.03.16"]
[Round "2"]
[White "LarsvanSchooten"]
[Black "marcounet06"]
[Result "1-0"]
[WhiteElo "1633"]
[BlackElo "1581"]
[PlyCount "93"]
[EventDate "2014.03.16"]
[EventType "swiss (blitz)"]

1. c4 {[%emt 0:00:02]} c5 {[%emt 0:00:02]} 2. g3 {[%emt 0:00:01]} g6 {[%emt 0:
00:07]} 3. Bg2 {[%emt 0:00:01]} Bg7 {[%emt 0:00:03]} 4. Nf3 {[%emt 0:00:01]}
Nf6 {[%emt 0:00:05]} 5. O-O {[%emt 0:00:01]} Nc6 {[%emt 0:00:11]} 6. d3 {[%emt
0:00:02]} O-O {[%emt 0:00:03]} 7. Nc3 {[%emt 0:00:00]} d6 {[%emt 0:00:09]} 8.
Bd2 {[%emt 0:00:02]} Rb8 {[%emt 0:00:17]} 9. Rb1 {[%emt 0:00:02]} Bg4 {[%emt 0:
00:24]} 10. h3 {[%emt 0:00:04]} Bxf3 {[%emt 0:00:05]} 11. Bxf3 {[%emt 0:00:01]}
Nd4 {[%emt 0:00:05]} 12. Bg2 {[%emt 0:00:02]} a6 {[%emt 0:00:16]} 13. a3 {
[%emt 0:00:01]} b5 {[%emt 0:00:04]} 14. e3 {[%emt 0:00:04]} Ne6 {[%emt 0:00:04]
} 15. b4 {[%emt 0:00:04]} bxc4 {[%emt 0:00:08]} 16. dxc4 {[%emt 0:00:03]} Nd7 {
[%emt 0:00:20]} 17. Nd5 {[%emt 0:00:03]} Ne5 {[%emt 0:00:09]} 18. Qc2 {[%emt 0:
00:10]} cxb4 {[%emt 0:00:09]} 19. axb4 {[%emt 0:00:03]} Qd7 {[%emt 0:00:13]}
20. f4 {[%emt 0:00:40]} Nc6 {[%emt 0:00:14]} 21. b5 {[%emt 0:00:04]} axb5 {
[%emt 0:00:08]} 22. cxb5 {[%emt 0:00:01]} Ncd8 {[%emt 0:00:04]} 23. b6 {[%emt
0:00:13]} Nc5 {[%emt 0:00:14]} 24. Bb4 {[%emt 0:00:17]} Ndb7 {[%emt 0:00:04]}
25. Nc7 {[%emt 0:00:58]} Rfc8 {[%emt 0:00:25]} 26. Bxb7 {[%emt 0:00:04]} Nxb7 {
[%emt 0:00:10]} 27. Qe4 {[%emt 0:00:19]} Nd8 {[%emt 0:00:16]} 28. Bd2 {[%emt 0:
00:17]} Ne6 {[%emt 0:00:11]} 29. Na6 {[%emt 0:00:22]} Rb7 {[%emt 0:00:09]} 30.
Ba5 {[%emt 0:00:43]} Nc5 {[%emt 0:00:06]} 31. Nxc5 {[%emt 0:00:03]} Rxc5 {
[%emt 0:00:03]} 32. Bb4 {[%emt 0:00:04]} Rc6 {[%emt 0:00:03]} 33. Ba5 {[%emt 0:
00:04]} d5 {[%emt 0:00:03]} 34. Qa4 {[%emt 0:00:05]} d4 {[%emt 0:00:05]} 35.
exd4 {[%emt 0:00:08]} Qxd4+ {[%emt 0:00:04]} 36. Qxd4 {[%emt 0:00:02]} Bxd4+ {
[%emt 0:00:03]} 37. Kg2 {[%emt 0:00:07]} Rc2+ {[%emt 0:00:05]} 38. Kf3 {[%emt
0:00:01]} Ra2 {[%emt 0:00:06]} 39. Rfd1 {[%emt 0:00:07]} Bg7 {[%emt 0:00:11]}
40. Bd2 {[%emt 0:00:04]} Ra6 {[%emt 0:00:12]} 41. Be3 {[%emt 0:00:03]} f5 {
[%emt 0:00:06]} 42. Rdc1 {[%emt 0:00:01]} Kf7 {[%emt 0:00:03]} 43. Rc7 {[%emt
0:00:01]} Rxc7 {[%emt 0:00:05]} 44. bxc7 {[%emt 0:00:02]} Rc6 {[%emt 0:00:05]}
45. Rb7 {[%emt 0:00:12]} Ke6 {[%emt 0:00:04]} 46. Rb6 {[%emt 0:00:04]} Kd7 {
[%emt 0:00:07]} 47. Rxc6 {[%emt 0:00:02] marcounet06 abandonne} 1-0

[Event "T-Director's Swiss sytem"]
[Site "playchess.com #662980"]
[Date "2014.03.16"]
[Round "5"]
[White "Laxman"]
[Black "Fc2008"]
[Result "1-0"]
[WhiteElo "2585"]
[BlackElo "2432"]
[PlyCount "127"]
[EventDate "2014.03.16"]
[EventType "swiss (blitz)"]

1. d4 {[%emt 0:00:01]} Nf6 {[%emt 0:00:02]} 2. c4 {[%emt 0:00:01]} e6 {[%emt 0:
00:01]} 3. Nf3 {[%emt 0:00:01]} b6 {[%emt 0:00:02]} 4. g3 {[%emt 0:00:01]} Ba6
{[%emt 0:00:01]} 5. Nbd2 {[%emt 0:00:01]} d5 {[%emt 0:00:05]} 6. Bg2 {[%emt 0:
00:08]} Be7 {[%emt 0:00:02]} 7. O-O {[%emt 0:00:02]} O-O {[%emt 0:00:02]} 8. b3
{[%emt 0:00:02]} c6 {[%emt 0:00:02]} 9. Bb2 {[%emt 0:00:02]} Nbd7 {[%emt 0:00:
02]} 10. Re1 {[%emt 0:00:16]} b5 {[%emt 0:00:10]} 11. c5 {[%emt 0:00:02]} b4 {
[%emt 0:00:01]} 12. e4 {[%emt 0:00:02]} dxe4 {[%emt 0:00:02]} 13. Ng5 {[%emt 0:
00:05]} Bb5 {[%emt 0:00:11]} 14. Ngxe4 {[%emt 0:00:04]} Nxe4 {[%emt 0:00:02]}
15. Nxe4 {[%emt 0:00:01]} Nf6 {[%emt 0:00:02]} 16. Nd2 {[%emt 0:00:11]} a5 {
[%emt 0:00:05]} 17. Nc4 {[%emt 0:00:03]} Bxc4 {[%emt 0:00:12]} 18. bxc4 {[%emt
0:00:01]} a4 {[%emt 0:00:01]} 19. Bxc6 {[%emt 0:00:03]} a3 {[%emt 0:00:30]} 20.
Bc1 {[%emt 0:00:02]} Ra7 {[%emt 0:00:02]} 21. Bf4 {[%emt 0:00:06]} Qa5 {[%emt
0:00:03]} 22. Rb1 {[%emt 0:00:06]} Rd8 {[%emt 0:00:03]} 23. Qb3 {[%emt 0:00:32]
} Rxd4 {[%emt 0:00:06]} 24. Be3 {[%emt 0:00:05]} Qxc5 {[%emt 0:00:13]} 25. Bb5
{[%emt 0:00:05]} Ng4 {[%emt 0:00:16]} 26. Bxd4 {[%emt 0:00:04]} Qxd4 {[%emt 0:
00:01]} 27. Qf3 {[%emt 0:00:03]} h5 {[%emt 0:00:10]} 28. Rbd1 {[%emt 0:00:07]}
Qc5 {[%emt 0:00:20]} 29. h3 {[%emt 0:00:10]} Nf6 {[%emt 0:00:11]} 30. Qf4 {
[%emt 0:00:05]} b3 {[%emt 0:00:26]} 31. axb3 {[%emt 0:00:17]} Kh7 {[%emt 0:00:
04]} 32. Qb8 {[%emt 0:00:21]} a2 {[%emt 0:00:09]} 33. b4 {[%emt 0:00:06]} Qc7 {
[%emt 0:00:37]} 34. Qxc7 {[%emt 0:00:02]} Rxc7 {[%emt 0:00:01]} 35. c5 {[%emt
0:00:00]} Rb7 {[%emt 0:00:05]} 36. c6 {[%emt 0:00:06]} Ra7 {[%emt 0:00:19]} 37.
Bd3+ {[%emt 0:00:07]} g6 {[%emt 0:00:02]} 38. Ra1 {[%emt 0:00:10]} Nd5 {[%emt
0:00:09]} 39. b5 {[%emt 0:00:01]} Bf6 {[%emt 0:00:06]} 40. Bc4 {[%emt 0:00:07]}
Bxa1 {[%emt 0:00:13]} 41. Rxa1 {[%emt 0:00:00]} Nb6 {[%emt 0:00:05]} 42. Rxa2 {
[%emt 0:00:06]} Rxa2 {[%emt 0:00:02]} 43. Bxa2 {[%emt 0:00:00]} Kg7 {[%emt 0:
00:01]} 44. f4 {[%emt 0:00:08]} Kf6 {[%emt 0:00:01]} 45. Kf2 {[%emt 0:00:02]}
Ke7 {[%emt 0:00:01]} 46. Bb1 {[%emt 0:00:03]} Kd6 {[%emt 0:00:02]} 47. Bd3 {
[%emt 0:00:01]} Nd5 {[%emt 0:00:12]} 48. Kf3 {[%emt 0:00:05]} f5 {[%emt 0:00:
12]} 49. Bc4 {[%emt 0:00:03]} Nb6 {[%emt 0:00:05]} 50. Bb3 {[%emt 0:00:05]} Ke7
{[%emt 0:00:12]} 51. Ke3 {[%emt 0:00:02]} Kd6 {[%emt 0:00:02]} 52. Kd4 {[%emt
0:00:01]} Nc8 {[%emt 0:00:01]} 53. h4 {[%emt 0:00:12]} Nb6 {[%emt 0:00:01]} 54.
Kc3 {[%emt 0:00:04]} e5 {[%emt 0:00:09]} 55. Kb4 {[%emt 0:00:00]} e4 {[%emt 0:
00:04]} 56. Kc3 {[%emt 0:00:04]} Kc5 {[%emt 0:00:13]} 57. Be6 {[%emt 0:00:02]}
Kd6 {[%emt 0:00:03]} 58. Bf7 {[%emt 0:00:06]} Kc5 {[%emt 0:00:01]} 59. Bxg6 {
[%emt 0:00:18]} Nd5+ {[%emt 0:00:06]} 60. Kd2 {[%emt 0:00:02]} Kxb5 {[%emt 0:
00:04]} 61. Bxf5 {[%emt 0:00:01]} e3+ {[%emt 0:00:04]} 62. Ke2 {[%emt 0:00:02]}
Kc5 {[%emt 0:00:02]} 63. Be4 {[%emt 0:00:02]} Nc7 {[%emt 0:00:05]} 64. Kxe3 {
[%emt 0:00:01] Fc2008 resigns} 1-0

[Event "T-Director's Swiss sytem"]
[Site "playchess.com #662980"]
[Date "2014.03.16"]
[Round "2"]
[White "Laxman"]
[Black "Irremeabilis"]
[Result "1-0"]
[WhiteElo "2573"]
[BlackElo "2001"]
[PlyCount "83"]
[EventDate "2014.03.16"]
[EventType "swiss (blitz)"]

1. d4 {[%emt 0:00:00]} Nf6 {[%emt 0:00:08]} 2. c4 {[%emt 0:00:01]} c5 {[%emt 0:
00:01]} 3. d5 {[%emt 0:00:01]} b5 {[%emt 0:00:01]} 4. cxb5 {[%emt 0:00:01]} a6
{[%emt 0:00:01]} 5. b6 {[%emt 0:00:00]} g6 {[%emt 0:00:03]} 6. Nc3 {[%emt 0:00:
01]} d6 {[%emt 0:00:01]} 7. e4 {[%emt 0:00:01]} Bg7 {[%emt 0:00:01]} 8. Nf3 {
[%emt 0:00:03]} Nbd7 {[%emt 0:00:03]} 9. a4 {[%emt 0:00:02]} Qxb6 {[%emt 0:00:
01]} 10. Nd2 {[%emt 0:00:06]} O-O {[%emt 0:00:07]} 11. Nc4 {[%emt 0:00:02]} Qb4
{[%emt 0:00:12]} 12. Bd2 {[%emt 0:00:04]} Rb8 {[%emt 0:00:20]} 13. Nb5 {[%emt
0:00:04]} axb5 {[%emt 0:00:06]} 14. Bxb4 {[%emt 0:00:01]} cxb4 {[%emt 0:00:06]}
15. axb5 {[%emt 0:00:04]} Nxe4 {[%emt 0:00:03]} 16. Bd3 {[%emt 0:00:02]} Nec5 {
[%emt 0:00:05]} 17. O-O {[%emt 0:00:01]} Nxd3 {[%emt 0:00:04]} 18. Qxd3 {[%emt
0:00:01]} Nc5 {[%emt 0:00:01]} 19. Qe2 {[%emt 0:00:01]} Bd7 {[%emt 0:00:08]}
20. Qxe7 {[%emt 0:00:04]} Bxb5 {[%emt 0:00:01]} 21. Qxd6 {[%emt 0:00:06]} Bxc4
{[%emt 0:00:01]} 22. Qxc5 {[%emt 0:00:01]} Bxf1 {[%emt 0:00:01]} 23. Kxf1 {
[%emt 0:00:03]} Bxb2 {[%emt 0:00:01]} 24. Rb1 {[%emt 0:00:01]} Bc3 {[%emt 0:00:
01]} 25. d6 {[%emt 0:00:01]} Rbc8 {[%emt 0:00:05]} 26. Qd5 {[%emt 0:00:04]}
Rfd8 {[%emt 0:00:05]} 27. g3 {[%emt 0:00:09]} Kg7 {[%emt 0:00:09]} 28. Kg2 {
[%emt 0:00:02]} Rd7 {[%emt 0:00:07]} 29. h4 {[%emt 0:00:17]} h5 {[%emt 0:00:01]
} 30. Rd1 {[%emt 0:00:05]} Rcd8 {[%emt 0:00:05]} 31. Qc5 {[%emt 0:00:05]} Kh7 {
[%emt 0:00:08]} 32. f4 {[%emt 0:00:03]} Kg7 {[%emt 0:00:12]} 33. Rd3 {[%emt 0:
00:02]} Be1 {[%emt 0:00:15]} 34. Qe5+ {[%emt 0:00:03]} Kh7 {[%emt 0:00:05]} 35.
Qxe1 {[%emt 0:00:00]} Rxd6 {[%emt 0:00:01]} 36. Rxd6 {[%emt 0:00:02]} Rxd6 {
[%emt 0:00:01]} 37. Qxb4 {[%emt 0:00:03]} Rd7 {[%emt 0:00:05]} 38. f5 {[%emt 0:
00:02]} Ra7 {[%emt 0:00:04]} 39. f6 {[%emt 0:00:04]} Rc7 {[%emt 0:00:05]} 40.
Qe7 {[%emt 0:00:03]} Rc2+ {[%emt 0:00:02]} 41. Kh3 {[%emt 0:00:03]} Kh6 {[%emt
0:00:02]} 42. Qf8+ {[%emt 0:00:02] Irremeabilis poddaje siê} 1-0